000 00478nam a2200181Ia 4500
001 2677
005 20260306144824.0
008 260306t2005||||xx |||||||||||||| ||spa||
041 _aESP
082 _a210
_bB19
100 _aBalthasar Hans Urs von [1905-1988]
_eAUT
245 0 _a¿Por qué soy todavía cristiano? ¿Por qué permanezco en la iglesia?
260 _c2005
300 _a113 páginas :
_c19 cm.
650 _aGEN
654 _aCHU
942 _cLIB
_dJUS
_fJUS
_2ddc
_n
999 _c2677
_d2677